| 000 | 00000nam##2200000za#4500 |
| 001 | 9.574549 |
| 003 | CaOODSP |
| 005 | 20210624184234 |
| 007 | cr ||||||||||| |
| 008 | 150406|1995||||xxc|||||o f|0| 0 eng|d |
| 022 | |a1205-9153 |
| 040 | |aCaOODSP|beng |
| 043 | |an-cn--- |
| 086 | 1 |aCS11-0019/67E-PDF |
| 245 | 00|aXEcon : |h[electronic resource]|ban experimental/evolutionary model of economic growth / |cby Michael C. Wolfson. |
| 260 | |aOttawa - Ontario : |bStatistics Canada |cJuin [i. e. June] 1995. |
| 300 | |a24p.|bfigs., graphs, references |
| 490 | 1 |aAnalytical Studies Branch research paper series|x1205-9153|vNo. 67 |
| 500 | |aThe catalogue number (11F0019MPE) and ISBN (0-662-21718-7) for the print edition have been incorrectly copied in this electronic publication. |
| 520 | 3 |aThis paper provides a brief sketch of a new microsimulation model, XEcon, under development at Statistics Canada. Since XEcon is a work in progress, there are no results to report.--Introduction |
| 590 | |a12-34-Supp|b2012-07-31 |
| 690 | 07|aEconomic analysis|2gcpds |
| 710 | 2 |aStatistics Canada. |
| 720 | 1 |aWolfson, Michael C. |
| 775 | 08|tXEcon : |w(CaOODSP)9.604293 |
| 776 | 0#|tXEcon: an experimental/evolutionary model of economic growth / |w(CaOODSP)9.612510 |
| 830 | #0|aResearch paper series (Statistics Canada. Analytical Studies Branch)|x1205-9153|vNo. 67|w(CaOODSP)9.504421 |
| 856 | 40|ahttp://publications.gc.ca|qPDF|s106 KB|uhttps://publications.gc.ca/collections/Collection/CS11-0019-67E.pdf|yNo. 67 |